Online
Catalog

Fuentes de la constancia / (Record no. 5334)

MARC details
000 -CABECERA
campo de control de longitud fija 00748cam a2200241 a 4500
001 - NÚMERO DE CONTROL
campo de control 000005535
005 - FECHA Y HORA DE LA ÚLTIMA TRANSACCIÓN
campo de control 20200929151714.0
008 - DATOS DE LONGITUD FIJA--INFORMACIÓN GENERAL
campo de control de longitud fija 910105s1984 sp 000 0 spa
020 ## - NÚMERO INTERNACIONAL ESTÁNDAR DEL LIBRO
Número Internacional Estándar del Libro 8437604737
040 ## - FUENTE DE LA CATALOGACIÓN
Centro catalogador/agencia de origen DO-SdBNP
Centro/agencia transcriptor DLC
082 ## - NÚMERO DE LA CLASIFICACIÓN DECIMAL DEWEY
Número de clasificación 861.6
Número de documento/Ítem G463f
100 1# - ENTRADA PRINCIPAL--NOMBRE DE PERSONA
Nombre de persona Gil-Albert, Juan,
Fechas asociadas al nombre 1904-1994
9 (RLIN) 15646
245 10 - MENCIÓN DE TÍTULO
Título Fuentes de la constancia /
Mención de responsabilidad, etc. Juan Gil-Albert ; edición de José Carlos Rovira.
260 ## - PUBLICACIÓN, DISTRIBUCIÓN, ETC.
Lugar de publicación, distribución, etc. Madrid :
Nombre del editor, distribuidor, etc. Cátedra,
Fecha de publicación, distribución, etc. 1984.
300 ## - DESCRIPCIÓN FÍSICA
Extensión 226 p. ;
Dimensiones 18 cm.
490 1# - MENCIÓN DE SERIE
Mención de serie Letras hispánicas
Designación de volumen o secuencia 205
650 #4 - PUNTO DE ACCESO ADICIONAL DE MATERIA--TÉRMINO DE MATERIA
Término de materia o nombre geográfico como elemento de entrada Poesía española
9 (RLIN) 631
650 #4 - PUNTO DE ACCESO ADICIONAL DE MATERIA--TÉRMINO DE MATERIA
Término de materia o nombre geográfico como elemento de entrada Literatura española
9 (RLIN) 632
700 1# - PUNTO DE ACCESO ADICIONAL--NOMBRE DE PERSONA
Nombre de persona Rovira, José Carlos,
Término indicativo de función/relación ed.
9 (RLIN) 7439
830 #0 - PUNTO DE ACCESO ADICIONAL DE SERIE-TÍTULO UNIFORME
Título uniforme Letras hispánica ;
Designación de volumen o secuencia 205
9 (RLIN) 15647
910 ## - DATOS DE OPCIÓN DEL USUARIO (OCLC)
Datos de opción del usuario Catalogación por copia / LC
910 ## - DATOS DE OPCIÓN DEL USUARIO (OCLC)
Datos de opción del usuario WM
Holdings
Estado de retiro Estado de pérdida Restricciones de uso No para préstamo Código de colección Localización permanente Ubicación/localización actual Ubicación en estantería Fecha de adquisición Número de inventario Total de préstamos Signatura topográfica completa Código de barras Fecha visto por última vez Precio válido a partir de Tipo de ítem Koha
    Préstamo interno   Monografías: Libros y Folletos General General Depósito 19.08.2009 LF1   861.6 G463f 5535-10 25.06.2020 25.06.2020 Préstamo interno

Powered by Koha